Countries That End with the Letter A [73 Countries] - Statistics

General Stats
  • This quiz has been taken 71 times
  • The average score is 59 of 73
Answer Stats
Country % Correct
Australia
97%
China
95%
Albania
94%
India
92%
Zambia
92%
Indonesia
90%
Russia
90%
Argentina
89%
Austria
89%
Canada
89%
Andorra
87%
Armenia
87%
Estonia
87%
Latvia
87%
Venezuela
87%
Algeria
85%
Angola
85%
Lithuania
85%
Nigeria
85%
Papua New Guinea
85%
Bulgaria
84%
Cuba
84%
Ghana
84%
Guinea
84%
Malaysia
84%
Panama
84%
Romania
84%
Saudi Arabia
84%
Serbia
84%
South Africa
84%
Colombia
82%
Dominica
82%
Libya
82%
Slovakia
82%
South Korea
82%
Bosnia and Herzegovina
81%
Costa Rica
81%
Croatia
81%
Georgia
81%
Namibia
81%
North Korea
81%
Rwanda
81%
Slovenia
81%
Syria
81%
Uganda
81%
Eritrea
79%
Guatemala
79%
Samoa
79%
Tunisia
79%
Bolivia
77%
Cambodia
77%
Ethiopia
77%
Guyana
77%
Liberia
77%
Moldova
77%
Saint Lucia
77%
Antigua and Barbuda
76%
Jamaica
76%
Mauritania
76%
Somalia
76%
Botswana
74%
Malta
74%
Tanzania
74%
Tonga
74%
Gambia
73%
Grenada
73%
Kenya
73%
Mongolia
73%
Nicaragua
73%
Equatorial Guinea
71%
Sri Lanka
68%
Micronesia
63%
North Macedonia
29%
No matching quizzes found
Score Distribution
Percent of People with Each Score
Percentile by Number Answered
Your Score History
You have not taken this quiz